Price bands for agricultural price stabilization: the chilean experience

Bewaard in:
Bibliografische gegevens
Hoofdauteurs: Quiroz, Jorge (Auteur), Valdés, Alberto (Auteur)
Coauteur: Programa de Postgrado de Economía ILADES-Georgetown University (Auteur)
Formaat: Boek
Taal:Spaans
Gepubliceerd in: Santiago ILADES 1993
Reeks:Investigación, ILADES, I-64
Onderwerpen:
Tags: Voeg label toe
Geen labels, Wees de eerste die dit record labelt!

MARC

LEADER 00000nam a2200000 a 4500
001 UCR8678
003 CL-VaPUC
008 980529e19930300CL |||||||||||||||||spa|d
082 0 4 |a 330.711  |b QUI  |2 21 
100 0 |a Quiroz, Jorge  |e author  |9 410726 
700 0 |a Valdés, Alberto  |e author  |9 410727 
110 2 |a Programa de Postgrado de Economía ILADES-Georgetown University  |e author  |9 410728 
245 1 0 |a Price bands for agricultural price stabilization: the chilean experience 
300 |a 38 p 
942 |c BK 
945 |d 19980529 00:00:00  |a crobeson 
260 |a Santiago  |b ILADES  |c 1993 
650 7 |a EDUCACION DE POSTGRADO  |2 CL-VaPUC  |9 310729 
650 0 |a Economía   |9 255568 
650 0 |a Agricultura  |9 255598 
650 7 |a ESTABILIZACION ECONOMICA  |2 CL-VaPUC  |9 379640 
650 0 |a Precios   |9 260787 
651 7 |a CHILE  |2 CL-VaPUC  |9 410729 
583 |a last modification  |c 19980529 00:00:00  |k Rodrigo Vera 
490 0 |a Investigación, ILADES, I-64 
999 |c 270074  |d 270072